00473cam a2200169 a 4500008004100000020002500041245006800066250001200134260004300146300002900189500002000218650001600238700002200254003000100276005001700277040000900294  a9780071289108 (pbk.)00aAdvanced financial accounting /cRichard E. Baker ... [et al.]. a9th ed. aNew York :bMcGraw-Hill Irwin,cc2011. axxxii, 1082 p. ;c28 cm. aIncludes index. 0aAccounting.1 aBaker, Richard E.20241001113841.0 cNUST